Política para corregidores y señores de vassallos, en tiempo de paz, y de guerra y para juezes eclesiasticos y seglares, y de sacas, aduanas, y de residencias y sus oficiales : y sus regidores, y abogados, y del valor de los corregimintos, y gobiernos realengos, y de las ordenes / (Registro nro. 33254)
[ vista simple ]
| 000 -CABECERA | |
|---|---|
| campo de control de longitud fija | 00978nam a2200157 a 4500 |
| 001 - NÚMERO DE CONTROL | |
| campo de control | 000033763 |
| 005 - FECHA Y HORA DE LA ÚLTIMA TRANSACCIÓN | |
| campo de control | 20200930070512.0 |
| 008 - DATOS DE LONGITUD FIJA--INFORMACIÓN GENERAL | |
| campo de control de longitud fija | 110908s1750 es 000 0 spa d |
| 040 ## - FUENTE DE LA CATALOGACIÓN | |
| Centro catalogador/agencia de origen | DO-SdBNP |
| Lengua de catalogación | spa |
| Centro/agencia transcriptor | BNPHU |
| 049 ## - FONDOS LOCALES (OCLC) | |
| Fondos de biblioteca | BNPD |
| 100 1# - ENTRADA PRINCIPAL--NOMBRE DE PERSONA | |
| Nombre de persona | Castillo de Bobadilla, Jerónimo, |
| Fechas asociadas al nombre | 1547- |
| 9 (RLIN) | 59183 |
| 245 10 - MENCIÓN DE TÍTULO | |
| Título | Política para corregidores y señores de vassallos, en tiempo de paz, y de guerra y para juezes eclesiasticos y seglares, y de sacas, aduanas, y de residencias y sus oficiales : y sus regidores, y abogados, y del valor de los corregimintos, y gobiernos realengos, y de las ordenes / |
| Mención de responsabilidad, etc. | autor el Licenciado Castillo de Bovadilla. ..Está añadida y enmendada por el autor y los índices mejorados y en esta ultima impressión diligentemente corregida de muchas faltas que avian en las otras impresiones y expurgada segun el expurgatorio del año 1640. |
| 260 ## - PUBLICACIÓN, DISTRIBUCIÓN, ETC. | |
| Lugar de publicación, distribución, etc. | Emberes : |
| Nombre del editor, distribuidor, etc. | En casa de I. B. Verdussen, |
| Fecha de publicación, distribución, etc. | 1750. |
| 300 ## - DESCRIPCIÓN FÍSICA | |
| Extensión | 2 v. ; |
| Dimensiones | 38 p. |
| 500 ## - NOTA GENERAL | |
| Nota general | Textos en dos columnas |
| Estado de retiro | Estado de pérdida | Restricciones de uso | No para préstamo | Código de colección | Localización permanente | Ubicación/localización actual | Ubicación en estantería | Fecha de adquisición | Número de inventario | Total de préstamos | Signatura topográfica completa | Código de barras | Fecha visto por última vez | Precio válido a partir de | Tipo de ítem Koha |
|---|---|---|---|---|---|---|---|---|---|---|---|---|---|---|---|
| Excluido de préstamo | Raros y valiosos | General | General | En catalogación | 08.09.2011 | LF1 | v. 1 | 33763-10 | 25.06.2020 | 25.06.2020 | No se presta | ||||
| Excluido de préstamo | Raros y valiosos | General | General | En catalogación | 18.11.2011 | LF1 | v. 2 | 33763-20 | 25.06.2020 | 25.06.2020 | No se presta |
